|
|
|
|
| LEADER |
00000nab#a22000007a#4500 |
| 001 |
arbauad046279 |
| 003 |
AR-BaUAD |
| 005 |
20250711113546.0 |
| 008 |
000901|||||||||###||||||b###|0###a|spa|| |
| 040 |
|
|
|a AR-BaUAD
|c AR-BaUAD
|b spa
|
| 245 |
1 |
0 |
|a Ménage à Trois
|
| 300 |
0 |
|
|b fot.
|
| 653 |
|
|
|a CINE
|
| 653 |
|
|
|a ACTORES
|
| 653 |
|
|
|a FRANCIA
|
| 653 |
|
|
|a SEIGNER, EMMANUELLE
|
| 653 |
|
|
|a DURIS, ROMAIN
|
| 653 |
|
|
|a ANSPACH, SOLVEIG
|
| 773 |
0 |
|
|t FILMMAKER
|g Nº3 [mar.-jun. 2000], p. 98-100
|
| 942 |
|
|
|c ARTI
|
| 952 |
|
|
|0 0
|1 0
|4 0
|7 0
|9 91198
|a AR-BAuAD
|b AR-BAuAD
|d 2025-07-11
|l 0
|p AAQA046279
|r 2025-07-11 11:35:46
|w 2025-07-11
|y ARTI
|
| 990 |
|
|
|a C200
|b TD
|
| 998 |
|
|
|a AAQ
|b BIBUN76
|
| 999 |
|
|
|c 70871
|d 70871
|